Complétez les titres des albums des Tuniques bleues - Statistiques

Statistiques générales
  • Ce quiz a été pris 55 fois
  • Le résultat moyen est 40 sur 67
Statistiques - réponses
Hint Réponse % Correct
2. Du Nord au *** Sud
98%
3. Et pour quinze cents dollars *** plus en
90%
14. Le Blanc-*** bec
83%
8. Les *** du ciel Cavaliers
83%
11. Des Bleus en *** et blanc noir
83%
6. La *** de Robertsonville Prison
83%
31. Drummer *** boy
80%
60. Carte *** pour un bleu blanche
78%
51. Stark sous toutes les *** coutures
78%
56. Dent pour *** dent
78%
21. Les Cinq *** Salopards
78%
1. Un *** dans l'Ouest chariot
75%
64. Où est *** Arabesque ? donc
75%
20. *** Face Black
73%
27. *** Run Bull
73%
12. Les Bleus tournent *** cosaques
73%
29. En avant l'*** amnésique
70%
24. Baby *** blue
70%
16. *** Benny Bronco
70%
13. Les Bleus dans la *** gadoue
70%
37. Duel dans la *** Manche
70%
17. El *** Padre
70%
26. L'Or du *** Québec
70%
23. Les *** d'en face Cousins
68%
42. Qui veut la peau du ***? général
68%
58. Les Bleus se mettent au *** vert
68%
35. *** Nepel Captain
65%
43. *** Bleus et du blues Des
65%
45. *** à New York Émeutes
65%
44. L'Oreille de *** Lincoln
65%
65. L'Envoyé *** spécial
65%
34. Vertes *** Années
63%
30. La Rose de *** Bantry
63%
47. Les *** Hart Nancy
63%
19. Le *** David
60%
59. Les Quatre *** Évangélistes
60%
67. Du *** sur la glace Feu
60%
33. Grumbler et *** fils
60%
55. ***, mon frère Indien
60%
9. La Grande *** Patrouille
58%
25. Des Bleus et des *** bosses
55%
52. Des Bleus dans le *** brouillard
55%
5. Les *** Déserteurs
55%
49. *** à Fort Bow Mariage
55%
61. L'Étrange *** Franklin Soldat
55%
46. *** pour un Bleu Requiem
53%
18. Blue *** rétro
53%
50. La *** Traque
53%
7. Les Bleus de la *** marine
48%
4. *** Outlaw
48%
38. Les *** Planqués
48%
53. *** bleu chez les Bleus Sang
48%
54. Miss *** Walker
48%
28. Les Bleus de la *** balle
45%
41. Les Bleus en *** cavale
45%
66. *** Melody Irish
45%
15. *** Rumberley
45%
57. *** Story Colorado
43%
63. La Bataille du *** cratère
43%
40. Les Hommes de *** paille
40%
39. ** *Blues Puppet
40%
48. *** Arabesque
35%
22. Des Bleus et des *** dentelles
35%
62. *** Sallie
28%
10. Des Bleus et des *** tuniques
28%
36. *** Quantrill
20%
32. Les Bleus en *** folie
13%
Aucun quiz correspondant
Distribution des résultats
% des personnes avec chaque résultat
Percentile par nombre de réponses
Votre historique - résultats
Vous n’avez pas pris ce quiz